| 000 | 00873 a2200217 4500 | ||
|---|---|---|---|
| 005 | 20260401120214.0 | ||
| 008 | 260401b |||||||| |||| 00| 0 eng d | ||
| 020 | _a9789382114529 (hbk) | ||
| 037 | _cTB | ||
| 040 |
_aCRL _cCRL |
||
| 041 |
_2hin _ahin |
||
| 084 |
_aO152,1N50x Q3 _qTB |
||
| 100 |
_aज्ञानेन्द्रपति _9864125 |
||
| 245 | _aमनु को बनाती मनई | ||
| 260 |
_aदिल्ली, भारत: _bकिताबघर प्रकाशन, _c2013. |
||
| 300 | _a164पृ. | ||
| 650 | _aहिन्दी कविता | ||
| 650 | _aहिन्दी साहित्य | ||
| 942 |
_cTB _2CC _hO152,1N50x Q3 |
||
| 999 |
_c1467576 _d1467576 |
||